Destination Branding and Tourism Development in Hévíz

Bibliographic Details
Main Author: Szlavicsek Milos Olivér
Other Authors: Karsai Dr. Árpád Sándor
Format: Thesis
Kulcsszavak:destination branding
Hévíz
spa towns
Tourism development
wellness tourism
Online Access:http://dolgozattar.uni-bge.hu/60043

MARC

LEADER 00000nta a2200000 i 4500
001 dolg60043
005 20260409145918.0
008 260409suuuu hu om 000 eng d
040 |a BGE Dolgozattár Repozitórium  |b hun 
041 |a en 
100 1 |a Szlavicsek Milos Olivér 
245 1 0 |a Destination Branding and Tourism Development in Hévíz  |c Szlavicsek Milos Olivér  |h [elektronikus dokumentum] 
520 3 |a This thesis examines how destination branding can support the revitalisation of Hévíz, a historic Hungarian spa town. Through a combination of literature review, competitive benchmarking, and interviews with key stakeholders, the study explores Hévíz’s unique assets and the challenges it faces. It offers recommendations for modernising the town’s brand, improving tourism infrastructure, enhancing digital presence, and building a sustainable, competitive identity in the spa tourism market. 
695 |a destination branding 
695 |a Hévíz 
695 |a spa towns 
695 |a Tourism development 
695 |a wellness tourism 
700 1 |a Karsai Dr. Árpád Sándor  |e ths 
856 4 0 |u http://dolgozattar.uni-bge.hu/60043/1/Destination%20Branding%20and%20Tourism%20Development%20of%20He%CC%81vi%CC%81z%20-%20Szlavicsek%20Milos%20Olive%CC%81r%20thesis.pdf  |z Dokumentum-elérés 
856 4 0 |u http://dolgozattar.uni-bge.hu/60043/2/Szlavicsek%20Milos_BA_angol_F%C3%A1bi%C3%A1n%20Tam%C3%A1s_opponensi.pdf  |z Dokumentum-elérés 
856 4 0 |u http://dolgozattar.uni-bge.hu/60043/3/Szlavicsek%20Milos%20Bsc%20EN%20Consulent%20Karsai%20%C3%81rp%C3%A1d.pdf  |z Dokumentum-elérés